[Event "Vecindario Montalvo Memorial 16th"]
[Site "Vecindario"]
[Date "2024.03.25"]
[Round "3"]
[White "Damia, Angelo"]
[Black "Sanz Wawer, Daniel"]
[Result "0-1"]
[WhiteElo "2240"]
[BlackElo "2397"]
[PlyCount "90"]
[EventDate "2024.03.23"]
[EventType "swiss"]
[EventRounds "9"]
[EventCountry "ESP"]
[SourceTitle "CBM 219 Extra"]
[Source "ChessBase"]
[SourceDate "2024.05.31"]
[SourceVersion "1"]
[SourceVersionDate "2024.05.31"]
[SourceQuality "1"]

1. e4 c6 2. d4 d5 3. Nc3 dxe4 4. Nxe4 Bf5 5. Ng3 Bg6 6. h4 h6 7. N1e2 Nf6 8. Nf4 Bh7 9. Bc4 e6 10. c3 Nbd7 11. Qe2 Bd6 12. Bxe6 fxe6 13. Nxe6 Qe7 14. Nxg7+ Kf7 15. Qxe7+ Bxe7 16. N7f5 h5 17. Nxe7 Rae8 18. f3 Rxe7+ 19. Kf2 c5 20. Be3 cxd4 21. Bxd4 Ne5 22. Kg1 b6 23. Kh2 Rhe8 24. a4 Bg6 25. Rhd1 Nc4 26. b3 Ne3 27. Rd2 Nfd5 28. c4 Nb4 29. a5 Nec2 30. Ra4 Nc6 31. Bc3 Re3 32. axb6 axb6 33. Rd6 R8e6 34. Rd7+ Ke8 35. Rg7 Kf8 36. Ra8+ Be8 37. Rb7 Rxc3 38. Rxb6 N2d4 39. b4 Rxc4 40. Nxh5 Nxf3+ 41. Kg3 Nxh4 42. Nf4 Nf5+ 43. Kg4 Ne3+ 44. Kf3 Rxf4+ 45. Kxf4 Nd5+ 0-1

[Event "Clusane op 1st"]
[Site "Clusane"]
[Date "2024.03.01"]
[Round "3"]
[White "Damia, Angelo"]
[Black "Centamore, Alberto"]
[Result "0-1"]
[WhiteElo "2234"]
[BlackElo "2153"]
[PlyCount "82"]
[EventDate "2024.02.29"]
[EventType "swiss"]
[EventRounds "7"]
[EventCountry "ITA"]
[SourceTitle "CBM 219 Extra"]
[Source "ChessBase"]
[SourceDate "2024.05.31"]
[SourceVersion "1"]
[SourceVersionDate "2024.05.31"]
[SourceQuality "1"]

1. e4 c5 2. Nf3 Nc6 3. d4 cxd4 4. Nxd4 g6 5. Nc3 Bg7 6. Be3 Nf6 7. Qd2 0-0 8. 0-0-0 Ng4 9. h4 Nxe3 10. fxe3 d6 11. h5 Ne5 12. hxg6 hxg6 13. Be2 a6 14. Nd5 e6 15. Nf4 Qg5 16. Qb4 Rd8 17. Kb1 b5 18. Qb3 Re8 19. Rdf1 Bd7 20. Qb4 Rad8 21. Qe1 Bc6 22. Bd3 Bb7 23. Qf2 Rd7 24. Nh3 Nxd3 25. cxd3 Qg4 26. Ng1 e5 27. Ndf3 d5 28. Rh4 Qe6 29. Ng5 Qe7 30. Rg4 f6 31. N5h3 g5 32. Qf5 dxe4 33. dxe4 Qe6 34. Qg6 Qxg4 35. Qxe8+ Kh7 36. Nf3 Bxe4+ 37. Ka1 Bg6 38. Nhxg5+ fxg5 39. Rh1+ Bh6 40. Qxe5 Kg8 41. a4 Qxa4# 0-1

[Event "Krakow op-A 34th"]
[Site "Krakow"]
[Date "2023.12.27"]
[Round "1"]
[White "Damia, Angelo"]
[Black "Grochol, Kamil"]
[Result "1/2-1/2"]
[WhiteElo "2251"]
[BlackElo "2101"]
[PlyCount "65"]
[EventDate "2023.12.27"]
[EventType "swiss"]
[EventRounds "9"]
[EventCountry "POL"]
[SourceTitle "CBM 218 Extra"]
[Source "ChessBase"]
[SourceDate "2024.03.31"]
[SourceVersion "1"]
[SourceVersionDate "2024.03.31"]
[SourceQuality "1"]

1. c4 e6 2. Nc3 d5 3. d4 Nf6 4. Bg5 Nbd7 5. e3 Be7 6. cxd5 exd5 7. Bd3 c6 8. Nge2 Nh5 9. Bxe7 Qxe7 10. Qc2 g6 11. 0-0-0 Nb6 12. Kb1 Ng7 13. Ng3 h5 14. e4 h4 15. exd5 hxg3 16. Rhe1 Ne6 17. dxe6 Bxe6 18. hxg3 0-0-0 19. Be4 Kb8 20. Na4 Nxa4 21. Qxa4 Qf6 22. f3 Rh5 23. Qb4 Rb5 24. Qd2 a5 25. Qf4+ Qxf4 26. gxf4 Rb4 27. Bxg6 Rg8 28. a3 Rb6 29. Bc2 Rxg2 30. Rg1 Rf2 31. Rgf1 Rh2 32. Rh1 Rf2 33. Rhf1 1/2-1/2

[Event "Lagos op 1st"]
[Site "Lagos"]
[Date "2023.10.29"]
[Round "3"]
[White "Damia, Angelo"]
[Black "Barski, Radoslaw"]
[Result "0-1"]
[WhiteElo "2257"]
[BlackElo "2440"]
[PlyCount "44"]
[EventDate "2023.10.28"]
[EventType "swiss"]
[EventRounds "9"]
[EventCountry "POR"]
[SourceTitle "CBM 217 Extra"]
[Source "ChessBase"]
[SourceDate "2024.01.31"]
[SourceVersion "1"]
[SourceVersionDate "2024.01.31"]
[SourceQuality "1"]

1. e4 e6 2. d4 d5 3. Bd3 dxe4 4. Bxe4 Nf6 5. Bf3 c5 6. Ne2 Nc6 7. Be3 cxd4 8. Nxd4 Ne5 9. Nc3 a6 10. 0-0 Be7 11. Be2 0-0 12. f4 Ned7 13. Qe1 Nb6 14. Kh1 Nbd5 15. Nxd5 Nxd5 16. Bg1 Qc7 17. Qd2 Bd6 18. f5 Bf4 19. Qd3 e5 20. c4 Nf6 21. Qf3 Re8 22. Rae1 exd4 0-1

[Event "Rhodes Summer Cup"]
[Site "Rhodes"]
[Date "2023.08.27"]
[Round "7"]
[White "Konyves, Almos"]
[Black "Damia, Angelo"]
[Result "0-1"]
[WhiteElo "2288"]
[BlackElo "2242"]
[PlyCount "76"]
[EventDate "2023.08.21"]
[EventType "swiss"]
[EventRounds "9"]
[EventCountry "GRE"]
[SourceTitle "CBM 215 Extra"]
[Source "ChessBase"]
[SourceDate "2023.09.30"]
[SourceVersion "1"]
[SourceVersionDate "2023.09.30"]
[SourceQuality "1"]

1. d4 g6 2. c4 Bg7 3. e4 c5 4. Nf3 Qa5+ 5. Bd2 Qb6 6. Bc3 cxd4 7. Bxd4 Bxd4 8. Qxd4 Qxd4 9. Nxd4 d6 10. Nc3 Nf6 11. 0-0-0 Na6 12. Re1 e5 13. Nc2 Be6 14. f3 h5 15. h4 Ke7 16. Rd1 Rhc8 17. b3 Nc5 18. g3 a6 19. Kb2 Rab8 20. Rd2 Rc6 21. Ne3 Rbc8 22. Bg2 Rb8 23. Bf1 Rbc8 24. Rhh2 R6c7 25. Rd1 b5 26. cxb5 Nxb3 27. Ncd5+ Bxd5 28. Nxd5+ Nxd5 29. exd5 Nd4 30. bxa6 Rb8+ 31. Ka1 Nc2+ 32. Rxc2 Rxc2 33. Rb1 Rxb1+ 34. Kxb1 Rc5 35. a4 Kd8 36. Bb5 Kc7 37. a7 Kb7 38. Be8 Rc7 0-1

[Event "Rhodes Summer Cup"]
[Site "Rhodes"]
[Date "2023.08.25"]
[Round "5"]
[White "Alexeev, Nikita"]
[Black "Damia, Angelo"]
[Result "0-1"]
[WhiteElo "1448"]
[BlackElo "2242"]
[PlyCount "86"]
[EventDate "2023.08.21"]
[EventType "swiss"]
[EventRounds "9"]
[EventCountry "GRE"]
[SourceTitle "CBM 215 Extra"]
[Source "ChessBase"]
[SourceDate "2023.09.30"]
[SourceVersion "1"]
[SourceVersionDate "2023.09.30"]
[SourceQuality "1"]

1. e4 c5 2. Nf3 a6 3. c3 Nc6 4. Be2 d5 5. exd5 Qxd5 6. d4 e6 7. 0-0 Nf6 8. h3 cxd4 9. Nxd4 e5 10. Nxc6 Qxc6 11. Be3 Be6 12. a4 Bd5 13. f3 Bc5 14. Bxc5 Qxc5+ 15. Kh2 0-0 16. Nd2 Rad8 17. Qc2 Qe3 18. Rfe1 Qf2 19. Rad1 Nh5 20. Ne4 Bxe4 21. Qxe4 Qg3+ 22. Kg1 Nf4 23. Bf1 Nxh3+ 24. Kh1 Nf2+ 25. Kg1 Nxe4 26. fxe4 Rxd1 27. Rxd1 Qe3+ 28. Kh2 Qxe4 29. Bd3 Qxa4 30. Rh1 Qf4+ 31. Kg1 Qe3+ 32. Kf1 Qxd3+ 33. Kf2 Qd2+ 34. Kg3 f5 35. b4 Qf4+ 36. Kh3 Rf6 37. g3 Rh6+ 38. Kg2 Qe4+ 39. Kf2 Rxh1 40. b5 axb5 41. c4 bxc4 42. g4 fxg4 43. Kg3 Qf3# 0-1

[Event "Rhodes Summer Cup"]
[Site "Rhodes"]
[Date "2023.08.23"]
[Round "3"]
[White "Czebe, Attila"]
[Black "Damia, Angelo"]
[Result "1/2-1/2"]
[WhiteElo "2360"]
[BlackElo "2242"]
[PlyCount "88"]
[EventDate "2023.08.21"]
[EventType "swiss"]
[EventRounds "9"]
[EventCountry "GRE"]
[SourceTitle "CBM 215 Extra"]
[Source "ChessBase"]
[SourceDate "2023.09.30"]
[SourceVersion "1"]
[SourceVersionDate "2023.09.30"]
[SourceQuality "1"]

1. e4 d5 2. exd5 Qxd5 3. Nc3 Qe5+ 4. Be2 Bg4 5. d4 Bxe2 6. Ngxe2 Qh5 7. Bf4 Na6 8. Qd2 0-0-0 9. 0-0-0 e6 10. f3 Qa5 11. Kb1 Nf6 12. Rhe1 Bb4 13. a3 Bxc3 14. Nxc3 Nd5 15. Nxd5 Qxd2 16. Ne7+ Kd7 17. Rxd2 Kxe7 18. d5 Kf6 19. dxe6 Rxd2 20. Bxd2 fxe6 21. Bc3+ Ke7 22. Bxg7 Rg8 23. Be5 Rxg2 24. b4 Rf2 25. Rg1 Rxf3 26. Rg7+ Rf7 27. Rg8 Rf8 28. Rxf8 Kxf8 29. b5 Nc5 30. Bxc7 Ke7 31. Bb8 a6 32. bxa6 Nxa6 33. Be5 Kd7 34. c4 Kc6 35. Kc2 Nc5 36. Bf4 Nd7 37. Kc3 e5 38. Bg3 Kd6 39. Kb4 Kc6 40. h3 Nc5 41. Bh2 h5 42. h4 Nd3+ 43. Kc3 Ne1 44. Bxe5 b5 1/2-1/2

[Event "Francophonie-ch 9th"]
[Site "Yamoussoukro"]
[Date "2023.07.04"]
[Round "3"]
[White "De Gondo, Simplice Armel"]
[Black "Damia, Angelo"]
[Result "0-1"]
[WhiteElo "2035"]
[BlackElo "2240"]
[PlyCount "124"]
[EventDate "2023.07.02"]
[EventType "swiss"]
[EventRounds "9"]
[EventCountry "IVO"]
[SourceTitle "CBM 215 Extra"]
[Source "ChessBase"]
[SourceDate "2023.09.30"]
[SourceVersion "1"]
[SourceVersionDate "2023.09.30"]
[SourceQuality "1"]

1. e4 Nf6 2. e5 Nd5 3. d4 d6 4. Nf3 dxe5 5. Nxe5 c6 6. Qf3 Be6 7. Bc4 Nd7 8. 0-0 g6 9. Re1 Bg7 10. Nc3 0-0 11. Bb3 Nxe5 12. dxe5 Nc7 13. Bf4 Bxb3 14. axb3 Ne6 15. Rad1 Qc7 16. Bg3 Rfd8 17. Qe3 Qb6 18. Qe4 Rxd1 19. Rxd1 Rd8 20. Kf1 Rxd1+ 21. Nxd1 Qd4 22. Qxd4 Nxd4 23. Ne3 Bh6 24. f4 Ne6 25. Ng4 Bxf4 26. Bxf4 Nxf4 27. g3 Ne6 28. Kf2 Nd4 29. Ne3 Kf8 30. b4 Ke8 31. c3 Nf5 32. Nc4 Kd7 33. Kf3 b6 34. Ke4 Ke6 35. Nd2 f6 36. Nf3 h5 37. exf6 exf6 38. b3 g5 39. c4 c5 40. bxc5 bxc5 41. Ne1 Nd4 42. b4 f5+ 43. Kd3 Kd6 44. bxc5+ Kxc5 45. Kc3 Ne2+ 46. Kd2 Nd4 47. Kc3 Ne6 48. Nd3+ Kd6 49. Kb4 f4 50. gxf4 Nxf4 51. Nf2 g4 52. Kb5 Ne6 53. Nd3 Nd4+ 54. Ka6 Kc6 55. Kxa7 Nf3 56. Nf4 h4 57. h3 g3 58. Ng2 Kc5 59. Ne3 Kd4 60. c5 Kxe3 61. c6 Nd4 62. c7 Nb5+ 0-1

[Event "Zalakaros Barczay Memorial"]
[Site "Zalakaros"]
[Date "2023.06.08"]
[Round "6"]
[White "Horvath, Adam"]
[Black "Damia, Angelo"]
[Result "1-0"]
[WhiteElo "2472"]
[BlackElo "2233"]
[PlyCount "123"]
[EventDate "2023.06.03"]
[EventType "swiss"]
[EventRounds "9"]
[EventCountry "HUN"]
[SourceTitle "CBM 214 Extra"]
[Source "ChessBase"]
[SourceDate "2023.07.31"]
[SourceVersion "1"]
[SourceVersionDate "2023.07.31"]
[SourceQuality "1"]

1. e4 c5 2. Nf3 e6 3. d4 cxd4 4. Nxd4 Nc6 5. Nc3 Nf6 6. Nxc6 bxc6 7. e5 Nd5 8. Ne4 Qc7 9. f4 c5 10. c4 Nb6 11. Be2 Bb7 12. Nd6+ Bxd6 13. exd6 Qc6 14. Bf3 Qc8 15. 0-0 Bxf3 16. Rxf3 Qc6 17. b3 Nc8 18. Rd3 a5 19. Bb2 Ra6 20. Qg4 Qe4 21. Qxg7 Rf8 22. Qc3 Rxd6 23. Rxd6 Nxd6 24. Re1 Qxf4 25. Qxa5 Nb7 26. Qa8+ Nd8 27. Bc3 Ke7 28. Qa7 Qd6 29. Be5 Qc6 30. Bg3 Nb7 31. Qa3 Nd6 32. Qb2 Nf5 33. Be5 Rg8 34. Bf6+ Kf8 35. Re2 Rg4 36. Qd2 Nd4 37. Re3 Rg6 38. Be5 f6 39. Bg3 Nf5 40. Rd3 Ke7 41. a4 Rg4 42. a5 Rd4 43. Bf2 Rg4 44. Bg3 Rd4 45. Qe2 h5 46. Bf2 Rg4 47. Qf3 Qxf3 48. Rxf3 Nd4 49. Rh3 Kd6 50. a6 Kc6 51. Rxh5 Nxb3 52. Rh8 Rxc4 53. a7 Rc1+ 54. Be1 Rxe1+ 55. Kf2 Ra1 56. a8Q+ Rxa8 57. Rxa8 Kd5 58. h4 c4 59. h5 c3 60. Ra2 Nc5 61. h6 Ne4+ 62. Ke3 1-0

[Event "Zalakaros Barczay Memorial"]
[Site "Zalakaros"]
[Date "2023.06.05"]
[Round "3"]
[White "Vanczak, Tamas"]
[Black "Damia, Angelo"]
[Result "1/2-1/2"]
[WhiteElo "2398"]
[BlackElo "2233"]
[PlyCount "99"]
[EventDate "2023.06.03"]
[EventType "swiss"]
[EventRounds "9"]
[EventCountry "HUN"]
[SourceTitle "CBM 214 Extra"]
[Source "ChessBase"]
[SourceDate "2023.07.31"]
[SourceVersion "1"]
[SourceVersionDate "2023.07.31"]
[SourceQuality "1"]

1. e4 g6 2. d4 Bg7 3. Nc3 c6 4. Be3 d5 5. Qd2 h5 6. Nf3 Nf6 7. e5 Ng4 8. Bf4 Bf5 9. h3 Nh6 10. Nd1 Nd7 11. Ne3 Nf8 12. Ng5 f6 13. exf6 exf6 14. Nxf5 Nxf5 15. Nf3 Qe7+ 16. Be2 Ne6 17. Be3 Nxe3 18. fxe3 Bh6 19. Qd3 Nf8 20. 0-0-0 Qxe3+ 21. Kb1 Kf7 22. Qxe3 Bxe3 23. Rhf1 Re8 24. Bd3 h4 25. c4 Bf4 26. Rde1 Rxe1+ 27. Rxe1 f5 28. cxd5 cxd5 29. b4 Nd7 30. b5 Nf6 31. Kb2 Ne4 32. Bc2 g5 33. Rf1 Ke6 34. a4 b6 35. Bb3 Rc8 36. Nxh4 Bc1+ 37. Rxc1 Rxc1 38. Kxc1 gxh4 39. Kd1 f4 40. Ke2 Ng5 41. Kf2 f3 42. Bd1 fxg2 43. Bg4+ Kf6 44. Kxg2 Ne4 45. Kf3 Nc3 46. Ke3 Ne4 47. Bf3 Ng5 48. Bg4 Ne4 49. Bf3 Ng5 50. Bg4 1/2-1/2

[Event "ITA-chT GpB 54th"]
[Site "Bacoli"]
[Date "2023.04.27"]
[Round "4"]
[White "Lazic, Miroljub"]
[Black "Damia, Angelo"]
[Result "1-0"]
[WhiteElo "2301"]
[BlackElo "2233"]
[PlyCount "80"]
[EventDate "2023.04.25"]
[EventType "team-tourn"]
[EventRounds "7"]
[EventCountry "ITA"]
[SourceTitle "CBM 213 Extra"]
[Source "ChessBase"]
[SourceDate "2023.05.31"]
[SourceVersion "1"]
[SourceVersionDate "2023.05.31"]
[SourceQuality "1"]
[WhiteTeam "Milan Accademia"]
[BlackTeam "Le Due Torri Volvo"]
[WhiteTeamCountry "ITA"]
[BlackTeamCountry "ITA"]

1. e4 e5 2. Nf3 Nc6 3. Bc4 Nf6 4. d3 Bc5 5. c3 d6 6. 0-0 Bg4 7. Nbd2 Qd7 8. Bb3 a6 9. Re1 g5 10. Nc4 h6 11. d4 Ba7 12. Ne3 exd4 13. Nxg4 Qxg4 14. cxd4 0-0-0 15. Qd3 Rhe8 16. Bxf7 Rxe4 17. Be3 Kb8 18. d5 Ne5 19. Bxa7+ Kxa7 20. Nxe5 dxe5 21. Rxe4 Qxe4 22. Qxe4 Nxe4 23. Re1 Nd6 24. Be6 Nc4 25. b3 Nb6 26. Rxe5 c6 27. h4 cxd5 28. hxg5 hxg5 29. Rxg5 d4 30. Kf1 d3 31. Ke1 Re8 32. Re5 Nd5 33. Rxd5 Rxe6+ 34. Kd1 Re2 35. Rxd3 Rxf2 36. Rd2 Rf6 37. Ke2 Kb6 38. Ke3 Kb5 39. g4 Kb4 40. g5 Rg6 1-0

[Event "ITA-chT GpB 54th"]
[Site "Bacoli"]
[Date "2023.04.26"]
[Round "2"]
[White "Peng, Li Min"]
[Black "Damia, Angelo"]
[Result "1-0"]
[WhiteElo "2549"]
[BlackElo "2233"]
[PlyCount "65"]
[EventDate "2023.04.25"]
[EventType "team-tourn"]
[EventRounds "7"]
[EventCountry "ITA"]
[SourceTitle "CBM 213 Extra"]
[Source "ChessBase"]
[SourceDate "2023.05.31"]
[SourceVersion "1"]
[SourceVersionDate "2023.05.31"]
[SourceQuality "1"]
[WhiteTeam "Etna Scacchi"]
[BlackTeam "Le Due Torri Volvo"]
[WhiteTeamCountry "ITA"]
[BlackTeamCountry "ITA"]

1. d4 Nf6 2. c4 e6 3. Nc3 d5 4. cxd5 exd5 5. Bf4 Bd6 6. Bxd6 Qxd6 7. e3 0-0 8. Bd3 a6 9. h3 b6 10. Qf3 Bb7 11. Nge2 Ne4 12. Nxe4 dxe4 13. Bxe4 Qb4+ 14. Nc3 Qxb2 15. 0-0 Bxe4 16. Nxe4 Nd7 17. a4 Qb4 18. Rfc1 c5 19. Qf5 Rad8 20. dxc5 Nxc5 21. Nxc5 bxc5 22. Rxc5 g6 23. Qe5 Rc8 24. Rd5 Rfd8 25. g4 Rxd5 26. Qxd5 a5 27. Qb5 Rc4 28. Rb1 Qxa4 29. Qb8+ Kg7 30. Qe5+ Kh6 31. Rb7 Rc1+ 32. Kh2 Qc4 33. Qf6 1-0

[Event "Palmanova op 11th"]
[Site "Palmanova"]
[Date "2022.12.11"]
[Round "6"]
[White "Damia, Angelo"]
[Black "Lumachi, Gabriele"]
[Result "1/2-1/2"]
[WhiteElo "2191"]
[BlackElo "2399"]
[PlyCount "50"]
[EventDate "2022.12.08"]
[EventType "swiss"]
[EventRounds "6"]
[EventCountry "ITA"]
[SourceTitle "CBM 211 Extra"]
[Source "ChessBase"]
[SourceDate "2023.01.31"]
[SourceVersion "1"]
[SourceVersionDate "2023.01.31"]
[SourceQuality "1"]

1. d4 d5 2. c4 e6 3. Nc3 Nf6 4. Nf3 dxc4 5. Qa4+ c6 6. Qxc4 b5 7. Qb3 Nbd7 8. Bf4 a6 9. g3 c5 10. Bg2 Bb7 11. Rd1 Qa5 12. 0-0 b4 13. Qa4 Qxa4 14. Nxa4 Nd5 15. Ne5 Nxe5 16. Bxe5 f6 17. e4 fxe5 18. exd5 exd4 19. Rfe1 Rd8 20. Nb6 Be7 21. Rxe6 Kf7 22. Rde1 Bf6 23. Rc1 Be7 24. Rce1 Bf6 25. Rc1 Be7 1/2-1/2

[Event "Palmanova op 11th"]
[Site "Palmanova"]
[Date "2022.12.08"]
[Round "1"]
[White "Laco, Giuseppe"]
[Black "Damia, Angelo"]
[Result "0-1"]
[WhiteElo "1913"]
[BlackElo "2191"]
[PlyCount "64"]
[EventDate "2022.12.08"]
[EventType "swiss"]
[EventRounds "6"]
[EventCountry "ITA"]
[SourceTitle "CBM 211 Extra"]
[Source "ChessBase"]
[SourceDate "2023.01.31"]
[SourceVersion "1"]
[SourceVersionDate "2023.01.31"]
[SourceQuality "1"]

1. c4 Nf6 2. Nf3 e6 3. a3 d5 4. e3 Nbd7 5. b3 Bd6 6. Nc3 c6 7. d4 0-0 8. c5 Bc7 9. b4 e5 10. Be2 Ne4 11. Nxe4 dxe4 12. Nd2 exd4 13. Nxe4 a5 14. exd4 axb4 15. Bg5 Qe8 16. Nd6 Qe6 17. Nxc8 Rfxc8 18. axb4 Rxa1 19. Qxa1 Qd5 20. Be3 Qxg2 21. Kd2 Nf6 22. Rg1 Qd5 23. f3 Re8 24. Bg5 Be5 25. Be3 Bxh2 26. Rg2 Bc7 27. Bg5 Nh5 28. Bd1 Bf4+ 29. Bxf4 Nxf4 30. Rg4 h5 31. Rg1 Ne6 32. Re1 Rd8 0-1

[Event "Francophonie-ch 8th"]
[Site "Casablanca"]
[Date "2022.07.07"]
[Round "8"]
[White "Boudriga, Mohamed Ali"]
[Black "Damia, Angelo"]
[Result "1/2-1/2"]
[WhiteElo "2308"]
[BlackElo "2213"]
[PlyCount "97"]
[EventDate "2022.07.02"]
[EventType "swiss"]
[EventRounds "9"]
[EventCountry "MAR"]
[SourceTitle "EXT 2023"]
[Source "ChessBase"]
[SourceDate "2022.10.05"]
[SourceVersion "1"]
[SourceVersionDate "2022.10.05"]
[SourceQuality "1"]

1. d4 Nf6 2. c4 e6 3. Nf3 d5 4. g3 dxc4 5. Qa4+ Nc6 6. Bg2 Bb4+ 7. Bd2 Nd5 8. Qb5 Bxd2+ 9. Nbxd2 c3 10. bxc3 Nxc3 11. Qb3 Nd5 12. 0-0 0-0 13. Rfd1 Na5 14. Qc2 Bd7 15. e4 Nf6 16. Nf1 Rc8 17. Ne3 Qe8 18. e5 Nh5 19. Ng5 f5 20. exf6 Nxf6 21. Ng4 Qh5 22. Nxf6+ gxf6 23. Ne4 Bc6 24. Qc3 Qf5 25. Re1 b6 26. Re2 Bd5 27. Rae1 Nc4 28. Nd2 Nxd2 29. Bxd5 Qxd5 30. Qxd2 Rcd8 31. Rxe6 Qxd4 32. Qh6 Qd2 33. Qh3 Qd7 34. Qh4 Rde8 35. Qg4+ Kh8 36. Rxe8 Qxg4 37. Rxf8+ Kg7 38. Rfe8 Qc4 39. a3 b5 40. R8e4 Qc3 41. R1e3 Qc1+ 42. Kg2 a5 43. g4 c5 44. g5 fxg5 45. Re7+ Kf6 46. R3e6+ Kf5 47. Re5+ Kg6 48. R5e6+ Kf5 49. Re5+ 1/2-1/2

[Event "Francophonie-ch 8th"]
[Site "Casablanca"]
[Date "2022.07.03"]
[Round "2"]
[White "Damia, Angelo"]
[Black "Vernay, Clovis"]
[Result "0-1"]
[WhiteElo "2213"]
[BlackElo "2513"]
[PlyCount "20"]
[EventDate "2022.07.02"]
[EventType "swiss"]
[EventRounds "9"]
[EventCountry "MAR"]
[SourceTitle "EXT 2023"]
[Source "ChessBase"]
[SourceDate "2022.10.05"]
[SourceVersion "1"]
[SourceVersionDate "2022.10.05"]
[SourceQuality "1"]

1. e4 e6 2. d4 d5 3. Bd3 dxe4 4. Bxe4 Nf6 5. Bf3 c5 6. Ne2 Nc6 7. Be3 cxd4 8. Nxd4 Ne5 9. Be2 Bd7 10. 0-0 Be7 0-1

[Event "EU-ch 22nd"]
[Site "Terme Catez"]
[Date "2022.04.04"]
[Round "9"]
[White "Ruzic, Pia Marie"]
[Black "Damia, Angelo"]
[Result "1-0"]
[WhiteElo "2072"]
[BlackElo "2223"]
[PlyCount "73"]
[EventDate "2022.03.27"]
[EventType "swiss"]
[EventRounds "11"]
[EventCountry "SLO"]
[SourceTitle "CBM 208"]
[Source "ChessBase"]
[SourceDate "2022.06.30"]
[SourceVersion "1"]
[SourceVersionDate "2022.06.30"]
[SourceQuality "1"]

1. Nf3 d5 2. g3 Nf6 3. Bg2 e6 4. d4 Nbd7 5. c4 dxc4 6. 0-0 Be7 7. Nbd2 b5 8. Ne5 Nxe5 9. Bxa8 Qxd4 10. Nf3 Nxf3+ 11. Bxf3 Qb6 12. Qc2 Nd5 13. a4 c6 14. e4 Nb4 15. Qc3 0-0 16. Be3 Qb8 17. axb5 Qxb5 18. Bd4 Rd8 19. Be2 Nd3 20. Bxg7 e5 21. Bh6 Bh3 22. Rfd1 Bb4 23. Qc2 Bc5 24. Bxd3 cxd3 25. Qd2 f6 26. b4 Qxb4 27. Qa2+ Kh8 28. Qf7 Bxf2+ 29. Kxf2 Qb2+ 30. Rd2 Qd4+ 31. Be3 Qxa1 32. Qxf6+ Kg8 33. Qxd8+ Kf7 34. Qxd3 Qh1 35. Rd1 Qg2+ 36. Ke1 Bg4 37. Rd2 1-0

[Event "EU-ch 22nd"]
[Site "Terme Catez"]
[Date "2022.03.27"]
[Round "1"]
[White "Damia, Angelo"]
[Black "Dardha, Daniel"]
[Result "1/2-1/2"]
[WhiteElo "2223"]
[BlackElo "2540"]
[PlyCount "166"]
[EventDate "2022.03.27"]
[EventType "swiss"]
[EventRounds "11"]
[EventCountry "SLO"]
[SourceTitle "CBM 208"]
[Source "ChessBase"]
[SourceDate "2022.06.30"]
[SourceVersion "1"]
[SourceVersionDate "2022.06.30"]
[SourceQuality "1"]

1. e4 c5 2. Nf3 Nc6 3. d4 cxd4 4. Nxd4 e5 5. Nb5 d6 6. N1c3 a6 7. Na3 Be6 8. Nd5 Bxd5 9. exd5 Nce7 10. c4 Nf6 11. f4 e4 12. g4 g6 13. Bd2 Bg7 14. Bc3 0-0 15. Be2 b5 16. Nc2 bxc4 17. Ne3 Qb6 18. Qd2 Rac8 19. Rd1 Qa7 20. f5 Nd7 21. Bxg7 Kxg7 22. Nxc4 f6 23. Nxd6 Rc5 24. Qe3 Qc7 25. Nxe4 Rxd5 26. Ng5 Qa5+ 27. Kf2 fxg5 28. Qxe7+ Rf7 29. Rxd5 Qxd5 30. Rd1 Qxa2 31. Qb4 Ne5 32. Rd6 gxf5 33. Qd4 fxg4+ 34. Kg2 Re7 35. Rd5 Kf6 36. Bxg4 Qc4 37. Rd6+ Kg7 38. Qxc4 Nxc4 39. Rxa6 Nxb2 40. Rd6 Nc4 41. Rd7 Rxd7 42. Bxd7 Kf6 43. Kg3 Ne5 44. Bc8 Ng6 45. Bg4 Nh4 46. Bd7 h5 47. Be8 Nf5+ 48. Kf3 h4 49. Kg4 Ne3+ 50. Kf3 Nf1 51. Bd7 Nd2+ 52. Kg4 Nc4 53. Bc8 Ne5+ 54. Kh3 Kg6 55. Bg4 Nc4 56. Kg2 Kf6 57. Bc8 Nb6 58. Bh3 Ke5 59. Kf3 Nc4 60. Bc8 Nd2+ 61. Kg4 Kf6 62. Kh3 Kg6 63. Kg4 Nf1 64. Kf3 Kg7 65. Kg4 Kf6 66. Kf3 Nd2+ 67. Ke3 Nc4+ 68. Kd4 Nd6 69. Bg4 Nf5+ 70. Ke4 Nh6 71. Bh5 Ng8 72. Bg4 Ne7 73. Bd7 Ng6 74. Bg4 Ne5 75. Bc8 Nc4 76. Kf3 Nd6 77. Bd7 Kg6 78. Bg4 Ne8 79. Ke3 Nf6 80. Be6 Kg7 81. Kd4 Ne8 82. Ke4 Kg6 83. Bf7+ Kxf7 1/2-1/2

[Event "Cattolica Primavera op"]
[Site "Cattolica"]
[Date "2022.03.20"]
[Round "9"]
[White "Chennaoui, Yasin"]
[Black "Damia, Angelo"]
[Result "0-1"]
[WhiteElo "2015"]
[BlackElo "2223"]
[PlyCount "138"]
[EventDate "2022.03.16"]
[EventType "swiss"]
[EventRounds "9"]
[EventCountry "ITA"]
[SourceTitle "EXT 2023"]
[Source "ChessBase"]
[SourceDate "2022.10.05"]
[SourceVersion "1"]
[SourceVersionDate "2022.10.05"]
[SourceQuality "1"]

1. Nf3 Nf6 2. c4 e6 3. b3 d5 4. Bb2 c5 5. e3 Nc6 6. cxd5 exd5 7. d4 cxd4 8. Nxd4 Bb4+ 9. Bc3 Qa5 10. Bxb4 Qxb4+ 11. Qd2 Nxd4 12. exd4 Qxd2+ 13. Nxd2 Bf5 14. Bb5+ Ke7 15. 0-0 a6 16. Be2 Kd6 17. f3 Rhe8 18. Kf2 Rac8 19. Rfc1 g5 20. Nf1 Nd7 21. Ne3 Bg6 22. h4 h6 23. hxg5 hxg5 24. Rxc8 Rxc8 25. Rh1 Nf6 26. Rd1 Rc3 27. Bf1 Nh5 28. Ke2 Ng3+ 29. Kf2 Nh5 30. Ke2 f5 31. Kd2 Rc7 32. Bd3 Ng3 33. Nf1 Nh5 34. Ne3 f4 35. Bxg6 fxe3+ 36. Kxe3 Nf4 37. Bd3 Nxg2+ 38. Kd2 Nh4 39. Be2 Nf5 40. Kd3 Re7 41. Rg1 Nxd4 42. Kxd4 Rxe2 43. Rxg5 Rd2+ 44. Kc3 Rxa2 45. Rg7 Kc6 46. f4 Rf2 47. Rf7 Rf3+ 48. Kd4 Rxb3 49. Rf6+ Kb5 50. Rf7 Ka4 51. Kxd5 b5 52. Kc5 Rc3+ 53. Kb6 b4 54. Ra7 b3 55. Rxa6+ Kb4 56. f5 b2 57. Kb7 Rb3 58. Rb6+ Kc4 59. Rxb3 Kxb3 60. f6 b1Q 61. f7 Qf5 62. f8Q Qxf8 63. Kc6 Kc4 64. Kd7 Kc5 65. Ke6 Qf4 66. Ke7 Kd5 67. Kd7 Qf7+ 68. Kc8 Kc6 69. Kd8 Qf8# 0-1

[Event "Cattolica Primavera op"]
[Site "Cattolica"]
[Date "2022.03.19"]
[Round "7"]
[White "Bettalli, Francesco"]
[Black "Damia, Angelo"]
[Result "1/2-1/2"]
[WhiteElo "2317"]
[BlackElo "2223"]
[PlyCount "25"]
[EventDate "2022.03.16"]
[EventType "swiss"]
[EventRounds "9"]
[EventCountry "ITA"]
[SourceTitle "CBM 207 Extra"]
[Source "ChessBase"]
[SourceDate "2022.05.31"]
[SourceVersion "1"]
[SourceVersionDate "2022.05.31"]
[SourceQuality "1"]

1. e4 c5 2. Nc3 d6 3. d4 cxd4 4. Qxd4 a6 5. b3 Nc6 6. Qd2 f5 7. Bb2 Nf6 8. Bd3 Qa5 9. exf5 Nb4 10. Nge2 Nxd3+ 11. Qxd3 Bxf5 12. Qf3 Be4 13. Qg3 1/2-1/2